[Event "AUTO-OPEN-2386"]
[Site "http://www.queenalice.com/game.php?id=948225"]
[Date "2011.6.10"]
[Round "1"]
[White "Alffamed"]
[Black "Kaka93"]
[Result "0-1"]
[WhiteElo "1607"]
[BlackElo "1381"]

1. b3 e5 2. Bb2 Nc6 3. e3 Nf6 4. Bb5 Bd6 5. Bxc6 dxc6 6. h3 O-O 7. Nf3 e4 8. Nh2
Bxh2 9. Rxh2 Qd6 10. g3 Qe7 11. d3 Qd8 12. Na3 exd3 13. Qxd3 Qxd3 14. cxd3 Bf5
15. e4 Rfe8 16. f3 Bg6 17. Bxf6 gxf6 18. f4 f5 19. e5 Re6 20. h4 Bh5 21. d4 Rd8
22. Rd2 Bf3 23. Nc4 b5 24. Na5 f6 25. Nb7 Rd7 26. Nc5 Rde7 27. Nxe6 Rxe6 28. Kf2
Be4 29. a4 fxe5 30. dxe5 bxa4 31. Rxa4 Re8 32. Rxa7 Rb8 33. Rxc7 Ra8 34. Rdd7
Ra2+ 35. Ke3 Ra8 36. e6 Re8 37. e7 c5 38. Rd8 Kf7 39. Rxe8 Kxe8 40. g4 Bc2 41.
b4 fxg4 0-1

[Event "Let's Play Chess!"]
[Site "http://www.queenalice.com/game.php?id=949899"]
[Date "2011.6.14"]
[Round "-"]
[White "Kaka93"]
[Black "Jbeele"]
[Result "0-1"]
[WhiteElo "1500"]
[BlackElo "1500"]

1. e4 e6 2. Nc3 d5 3. exd5 exd5 4. Qe2+ Be7 5. d3 Be6 6. Qe5 Bf6 7. Qe3 d4 8.
Qe4 dxc3 9. Qxb7 Nd7 10. Bf4 cxb2 11. Rb1 Bc3+ 12. Kd1 Bxa2 13. Qxc7 Qxc7 14.
Bxc7 Bxb1 15. Nf3 Ba2 16. g3 b1=Q+ 17. Ke2 Qxc2+ 18. Ke3 Nc5 19. d4 Qe4# 0-1

[Event "Challenge"]
[Site "http://www.queenalice.com/game.php?id=955546"]
[Date "2011.6.30"]
[Round "-"]
[White "Kaka93"]
[Black "jesieljr"]
[Result "0-1"]
[WhiteElo "1402"]
[BlackElo "1467"]

1. e4 e5 2. Nf3 Nc6 3. Nc3 Nf6 4. Bb5 Nb4 5. O-O c6 6. Bc4 Qe7 7. a3 Na6 8. Bxa6
g6 9. Bc4 Bg7 10. d3 b5 11. Bb3 O-O 12. Bg5 h6 13. Bxf6 Qxf6 14. d4 d5 15. exd5
exd4 16. Nxd4 Qg5 17. dxc6 Bh3 18. Qf3 Bxd4 19. Ne4 Qg4 20. Qxg4 Bxg4 21. c3 Bc5
22. Nf6+ Kg7 23. Nxg4 a5 24. Bd5 Rad8 25. Rad1 f5 26. Ne5 b4 27. axb4 axb4 28.
cxb4 Bxb4 29. c7 Rc8 30. Nc6 Bc5 31. Ne7 Rxc7 32. Nc6 f4 33. Be4 g5 0-1

[Event "Challenge"]
[Site "http://www.queenalice.com/game.php?id=957004"]
[Date "2011.7.5"]
[Round "-"]
[White "shatranj"]
[Black "Kaka93"]
[Result "0-1"]
[WhiteElo "1430"]
[BlackElo "1434"]

1. d4 d5 2. Nf3 Nf6 3. Nc3 Nc6 4. Bg5 h6 5. Bxf6 exf6 6. Qd2 Bf5 7. Nh4 Be6 8.
Qf4 Bd6 9. Qe3 Nb4 10. Qd2 f5 11. Nf3 f4 12. e3 fxe3 13. fxe3 Bf5 14. Bd3 Nxd3+
15. cxd3 Qe7 16. Nxd5 Qd7 17. e4 Bg4 18. Qc2 Bxf3 19. gxf3 Be7 20. Nxc7+ Kd8 21.
Nxa8 Bb4+ 22. Kf1 Qh3+ 23. Ke2 Qg2+ 24. Kd1 Qxh1+ 0-1

[Event "Challenge"]
[Site "http://www.queenalice.com/game.php?id=957005"]
[Date "2011.7.5"]
[Round "-"]
[White "shatranj"]
[Black "Kaka93"]
[Result "0-1"]
[WhiteElo "1430"]
[BlackElo "1407"]

1. Nc3 e5 2. Nf3 Nc6 3. d3 Bb4 4. Bd2 Nf6 5. Be3 Bxc3+ 6. bxc3 d5 7. c4 d4 8.
Bd2 Ng4 9. Rb1 b6 10. e3 dxe3 11. fxe3 Bf5 12. d4 exd4 13. c3 Bxb1 14. Qxb1 dxe3
15. Bc1 O-O 16. Be2 Nf2 17. Rf1 Re8 18. c5 bxc5 19. Ng5 Qxg5 20. Qb7 Qxg2 21.
Bxe3 Nd3+ 22. Kd2 Rab8 23. Qxc6 Rb2+ 24. Kxd3 Rd8+ 0-1

[Event "Challenge"]
[Site "http://www.queenalice.com/game.php?id=957006"]
[Date "2011.7.5"]
[Round "-"]
[White "shatranj"]
[Black "Kaka93"]
[Result "0-1"]
[WhiteElo "1430"]
[BlackElo "1457"]

1. e4 e5 2. Nf3 Nc6 3. Nc3 Nf6 4. Bc4 Bc5 5. O-O O-O 6. d3 d6 7. Ng5 Ng4 8. Nf3
Nd4 9. Be3 Nxe3 10. fxe3 Ne6 11. d4 exd4 12. exd4 Bb6 13. Nd5 c5 14. c3 cxd4 15.
cxd4 Nc7 16. e5 dxe5 17. Rc1 e4 18. Ne1 Nxd5 19. Qe2 Bxd4+ 20. Kh1 Ne3 21. Rf4
Re8 22. Qh5 Re7 0-1

[Event "Challenge"]
[Site "http://www.queenalice.com/game.php?id=962814"]
[Date "2011.7.20"]
[Round "-"]
[White "Kaka93"]
[Black "ams07"]
[Result "0-1"]
[WhiteElo "1412"]
[BlackElo "1550"]

1. e4 Nc6 2. Nc3 Nf6 3. Nf3 e5 4. Bb5 Na5 5. Nd5 Nxd5 6. exd5 e4 7. Qe2 Qe7 8.
Nd4 Qe5 9. c3 Qxd5 10. d3 f5 11. dxe4 fxe4 12. c4 Qxd4 13. Qh5+ g6 14. Be3 Qxb2
15. Qd1 c6 16. Ba4 Nxc4 17. Bb3 b5 18. Rb1 Bb4+ 19. Kf1 Qc3 20. Bxc4 Qxc4+ 21.
Kg1 Qxa2 22. Rc1 Qa4 23. Qxa4 bxa4 24. Rb1 Ba5 25. Bf4 Rf8 26. Bb8 Bb6 27. Bd6
Rxf2 28. h4 Rb2+ 29. Kh2 Rxb1 30. Rxb1 Ba6 31. Ra1 Bb5 32. Re1 Bd3 33. g4 Ba5
34. Ra1 Bb5 35. h5 Bc3 36. Rc1 Bd4 37. Bc5 Bxc5 38. Rxc5 Bd3 39. hxg6 hxg6 40.
Re5+ Kf7 0-1

[Event "Challenge"]
[Site "http://www.queenalice.com/game.php?id=962820"]
[Date "2011.7.20"]
[Round "-"]
[White "izabela"]
[Black "Kaka93"]
[Result "1-0"]
[WhiteElo "1356"]
[BlackElo "1464"]

1. e4 e5 2. Nf3 Nc6 3. Bb5 a6 4. Bxc6 dxc6 5. Nxe5 Qe7 6. d4 c5 7. dxc5 Qxe5 8.
O-O Bxc5 9. Qe1 Bd6 10. Nc3 Bb4 11. Bd2 Bd6 12. Rd1 Bg4 13. f3 Qxh2+ 14. Kf2
Bg3+ 15. Ke3 Bxe1 16. Bxe1 Qxg2 17. Bh4 Qh3 18. Rh1 Qxf3+ 19. Kd2 Nf6 20. Rhf1
1-0

[Event "Challenge"]
[Site "http://www.queenalice.com/game.php?id=963008"]
[Date "2011.7.21"]
[Round "-"]
[White "Kaka93"]
[Black "pulrich"]
[Result "0-1"]
[WhiteElo "1425"]
[BlackElo "1554"]

1. e4 e5 2. Nf3 d6 3. Nc3 Be7 4. d4 exd4 5. Nxd4 Nf6 6. Bg5 O-O 7. Nf5 g6 8.
Nxe7+ Qxe7 9. Bxf6 Qxf6 10. Nd5 Qd8 11. Qf3 Nd7 12. Bb5 c6 13. O-O-O cxb5 14.
Qd3 a6 0-1

[Event "Challenge"]
[Site "http://www.queenalice.com/game.php?id=963027"]
[Date "2011.7.21"]
[Round "-"]
[White "santiaguinoazul"]
[Black "Kaka93"]
[Result "1-0"]
[WhiteElo "1630"]
[BlackElo "1477"]

1. e4 e5 2. Nf3 Nc6 3. Nc3 Nf6 4. Bc4 Bb4 5. Nd5 Nxd5 6. Bxd5 O-O 7. c3 Bc5 8.
d3 d6 9. Bg5 Ne7 10. h4 Be6 11. h5 Bxd5 12. exd5 h6 13. Be3 Bxe3 14. fxe3 Nxd5
15. Qd2 e4 16. dxe4 Nf6 17. Qd4 Re8 18. O-O-O Ng4 19. Rh4 c5 20. Rxg4 cxd4 21.
Rxd4 Qb6 22. Kd2 Qxb2+ 23. Kd3 1-0

[Event "Challenge"]
[Site "http://www.queenalice.com/game.php?id=963757"]
[Date "2011.7.23"]
[Round "-"]
[White "Kaka93"]
[Black "lalima"]
[Result "0-1"]
[WhiteElo "1441"]
[BlackElo "1226"]

1. e4 Nc6 2. Nc3 Nf6 3. Nf3 e6 4. Bb5 Nb4 5. a3 Nc6 6. Bxc6 bxc6 7. O-O g6 8. d4
a5 9. Bg5 Ba6 10. Nd2 d5 11. Bxf6 Qxf6 12. Nf3 Rb8 13. e5 Qf4 14. Qd2 Qxd2 15.
Nxd2 Rxb2 16. Rab1 Rxc2 17. Rb8+ Ke7 18. Ra8 Bxf1 19. Nxf1 Rxc3 0-1

[Event "Challenge"]
[Site "http://www.queenalice.com/game.php?id=964311"]
[Date "2011.7.24"]
[Round "-"]
[White "Kaka93"]
[Black "charles31"]
[Result "0-1"]
[WhiteElo "1414"]
[BlackElo "1757"]

1. e4 e5 2. Nf3 d6 3. Nc3 a6 4. d4 exd4 5. Nxd4 h6 6. Nf5 Bxf5 7. exf5 Nf6 8.
Bc4 Be7 9. O-O Nc6 10. Nd5 Nxd5 11. Bxd5 Qd7 12. Be4 Bf6 13. Qe2 O-O-O 14. Bf3
Qxf5 15. Be4 Qc5 16. Be3 Qe5 17. Bxc6 bxc6 18. Qxa6+ Kd7 19. Rac1 Qxb2 20. c4
Rhe8 21. c5 d5 22. Rb1 Qc3 23. Rfc1 Qe5 24. Qa7 Qe4 25. Rb7 Rc8 26. Rcb1 Bg5 27.
h3 Bxe3 28. fxe3 Qxe3+ 29. Kh2 Qf4+ 0-1

[Event "Challenge"]
[Site "http://www.queenalice.com/game.php?id=964325"]
[Date "2011.7.24"]
[Round "-"]
[White "Kaka93"]
[Black "positionalgenius"]
[Result "0-1"]
[WhiteElo "1464"]
[BlackElo "1939"]

1. e4 e6 2. Nc3 c5 3. Nf3 a6 4. d4 cxd4 5. Nxd4 Bc5 6. Bc4 d6 7. O-O Ne7 8. Be3
e5 9. Nf5 Nxf5 10. exf5 Bxe3 11. fxe3 Qg5 12. Ne4 Qxe3+ 0-1

[Event "Challenge"]
[Site "http://www.queenalice.com/game.php?id=1085021"]
[Date "2012.7.20"]
[Round "-"]
[White "Kaka93"]
[Black "Caroline93"]
[Result "0-1"]
[WhiteElo "1389"]
[BlackElo "1500"]

1. e4 e5 2. d4 d5 3. Nc3 exd4 4. Qxd4 dxe4 5. Qxe4+ Qe7 6. Qxe7+ Bxe7 7. Bf4 Nf6
8. h3 O-O 9. Rh2 Nc6 10. Bg5 Bf5 11. Bxf6 Nb4 12. h4 Rfe8 13. a3 Nxc2+ 14. Kd1
Rad8+ 15. Kc1 Bxf6 16. Nh3 Re1+ 17. Nd1 Rdxd1# 0-1